عرض عادي
عرض مارك
- الخوام، رياض بن حسن
مدخل إسم شخص
001 - رقم الضبط
- حقل الضبط: 9164
003 - معرف رقم الضبط
- حقل الضبط: OSt
005 - تاريخ ووقت أخر عملية
- حقل الضبط: 20111228140705.0
008 - عناصر بيانات ثابتة الطول
- حقل تحكم ثابت الطول: 111228|||a|||||| | ||| d
040 ## - مصدر الفهرسة
- هيئة الفهرسة الأصلية: OSt
- وكالة الكتابة: OSt
100 ## - مدخل -- أسم شخص
- إسم شخص: الخوام، رياض بن حسن
670 ## - بيانات المصدر موجوده
- الاستشهاد بالمصدر: Work cat.: (OSt)21548: الخوام، رياض بن حسن, الطريق الى صنعة الاعراب مع التطبيق, 2010
